Crónicas de Puerto Rico : 1809-1955 /
Los dos primeros volúmenes de esta Antología, están dedicados a los cronistas que admiraron la Nueva América y que le dieron el mensaje a Europa sobre la tierra que tuvo como primera visión las Antillas. Este segundo volumen se extiende unos años después de la Colonia, hasta mediados del siglo XX.
Gardado en:
| Outros autores: | |
|---|---|
| Formato: | Libro |
| Idioma: | Lingua castelá |
| Series: | (Antología de Autores Puertorriqueños ;
2) |
| Temas: | |
| Etiquetas: |
Sen Etiquetas, Sexa o primeiro en etiquetar este rexistro!
|
MARC
| LEADER | 00000nam^a2200000^a^4500 | ||
|---|---|---|---|
| 001 | 000131285 | ||
| 005 | 20250521000000.0 | ||
| 009 | 20260310095016.341 | ||
| 037 | |a Acervo ITESO - Biblioteca | ||
| 041 | |a ESP | ||
| 082 | |a 972. 95 |b CRO V. 2 | ||
| 240 | 1 | 1 | |a [Crónicas de Puerto Rico] |
| 245 | 0 | 0 | |a Crónicas de Puerto Rico : |b 1809-1955 / |c Selec., introd. y notas de E. Fernández Méndez. |
| 264 | |a San Juan, Puerto Rico : |b Estado Libre Asociado de Puerto Rico, |c 1957 | ||
| 300 | |a 344 p. | ||
| 336 | |a texto |b txt |2 rdacontenido | ||
| 337 | |a sin mediación |b n |2 rdamedio | ||
| 338 | |a volumen |b nc |2 rdasoporte | ||
| 440 | 1 | |a (Antología de Autores Puertorriqueños ; |v 2) | |
| 520 | |a Los dos primeros volúmenes de esta Antología, están dedicados a los cronistas que admiraron la Nueva América y que le dieron el mensaje a Europa sobre la tierra que tuvo como primera visión las Antillas. Este segundo volumen se extiende unos años después de la Colonia, hasta mediados del siglo XX. | ||
| 649 | |a XX | ||
| 650 | |a Crónicas Puertorriqueñas | ||
| 650 | |a Puerto Rico - |x Historia - |y Epoca Colonial, 1508-1898 | ||
| 650 | |a Puerto Rico - |x Historia - |y Siglo XIX | ||
| 650 | |a Puerto Rico - |x Historia - |y Siglo XX | ||
| 650 | |a Puerto Rico - |x Descripción | ||
| 700 | |a Fernández Menéndez, Eugenio |e (selección) | ||
| 910 | |a Fondo Salvador Reynoso Reynoso | ||
| 920 | |a Impresos - Libros | ||
| 930 | |a Fondos Especiales | ||
| 905 | |a 112 | ||
| 901 | |a 0800011779 |b IT2 |c ESP |u 20250521 | ||
| 902 | |a https://opac.biblio.iteso.mx/vufind/Record/000131285 | ||